The Psychology of Counseling (Record no. 12308)
[ view plain ]
| 000 -LEADER | |
|---|---|
| fixed length control field | 00517nam a2200193 4500 |
| 003 - CONTROL NUMBER IDENTIFIER | |
| control field | NUST |
| 020 ## - INTERNATIONAL STANDARD BOOK NUMBER | |
| International Standard Book Number | 0310-299306 |
| 038 ## - RECORD CONTENT LICENSOR | |
| Staff Name | AZHAR |
| 082 ## - DEWEY DECIMAL CLASSIFICATION NUMBER | |
| Classification number | 158.2 NAR |
| 100 ## - MAIN ENTRY--PERSONAL NAME | |
| Personal name | Clyde M. Narramore, Ed. D. |
| 9 (RLIN) | 81581 |
| 245 ## - TITLE STATEMENT | |
| Title | The Psychology of Counseling |
| 260 ## - PUBLICATION, DISTRIBUTION, ETC. | |
| Place of publication, distribution, etc. | America |
| Name of publisher, distributor, etc. | Zondervan publishing House |
| Date of publication, distribution, etc. | 1960 |
| 300 ## - PHYSICAL DESCRIPTION | |
| Extent | 303p. |
| Accompanying material | 22cm. |
| 500 ## - GENERAL NOTE | |
| General note | Pastoral Counseling, Psychology Dictionaries |
| 563 ## - BINDING INFORMATION | |
| Binding note | H.B |
| 650 ## - SUBJECT ADDED ENTRY--TOPICAL TERM | |
| Topical term or geographic name entry element | Non-Fiction |
| 9 (RLIN) | 81582 |
| 700 ## - ADDED ENTRY--PERSONAL NAME | |
| Personal name | Narramore, Clyde M. |
| 9 (RLIN) | 81583 |
| 942 ## - ADDED ENTRY ELEMENTS (KOHA) | |
| Koha item type | Book |
| Source of classification or shelving scheme | |
| Withdrawn status | Lost status | Source of classification or shelving scheme | Damaged status | Not for loan | Permanent Location | Current Location | Shelving location | Date acquired | Source of acquisition | Cost, normal purchase price | Total Checkouts | Total Renewals | Full call number | Barcode | Date last seen | Date last checked out | Price effective from | Koha item type |
|---|---|---|---|---|---|---|---|---|---|---|---|---|---|---|---|---|---|---|
| Central Library (CL) | Central Library (CL) | General Stacks | 10/11/2013 | Donation | 0.00 | 5 | 1 | 158.2 NAR | SEECSD00966 | 09/03/2024 | 06/21/2024 | 12/24/2013 | Book |
